000 00952cam a2200205 4500
001 WB3821-22
008 020612n2002 000 0 eng u
035 _a(Sirsi) u118388
245 _aAreas of outstanding natural beauty
260 _c2002
490 _aCountryside Agency Press Release
_v10 June 2002 (2)
520 _aThe first Area of outstanding natural beauty (AONB) management plan has been published by the "Suffolk Coasts and Heaths AONB". All local authorities have a new statutory duty under the Countryside and Rights of Way Act 2000 to produce these management plans which aim to protect and manage some of England's finest countryside. http://www.countryside.gov.uk/news/article.asp?NewsItemID=225
590 _aWB
650 _aCOUNTRYSIDE AGENCY
650 _aAREAS OF OUTSTANDING NATURAL BEAUTY
650 _aAONB
650 _aCOUNTRYSIDE AND RIGHTS OF WAY ACT 2000
690 _aRURAL-NATURE CONSERVATION
942 _n0
999 _c70469
_d70469